000 01355cam a2200265 4500
008 090401t1995 xxu||||| |||| 00| 0 eng d
020 _a0110537033
035 _a(Sirsi) u64051
041 _aeng
050 _a711.1409411
_c18
245 4 _aThe Acquisition of Land (Rate of Interest after Entry) (Scotland) Regulations 1995
260 _aLondon
_bHMSO
_c1995
300 _a4p.
_c30cm.
350 _a1.10
490 _aSI
_v1995:2791
520 _aCame into force 31 December 1995. Set the rate of interest after entry at 0.5% below bank base rate on the reference days of 31 March, 30 June, 30 Sept and 31 December (or next the business days if any of these days are not business days). Revoke The Acquisition of Land (Rate of Interest after Entry) (Scotland) Regulations 1994.
650 _aLAND COMPENSATION (SCOTLAND) ACT 1963 S40(1)
650 _aACQUISITION OF LAND (RATE OF INTEREST AFTER ENTRY) (SCOTLAND) REGULATIONS 1995
650 _aSCOTLAND
650 _aACQUISITION OF LAND (RATE OF INTEREST AFTER ENTRY) (SCOTLAND) REGULATIONS 1994
690 _aENVIRONMENTAL AND LAND CONSULTANCY-PLANNING AND DEVELOPMENT-COMPULSORY PURCHASE AND COMPENSATION
856 _uhttps://www.legislation.hmso.gov.uk/si/si1995/Uksi_19952791_en_1.htm
_zView the Regulations free of charge at www.hmso.gov.uk...
942 _n0
948 _c04/03/1997
999 _c94635
_d94635